000 00932nas a2200301 4500
001 BR9214173
003 BR-BrBNA
005 20231205093557.0
007 ta
008 230509b bl.|||p| |||| 00| 00por d
040 _aBR-BrBNA
_bpor
_cBiblioteca Nacional de Agricultura
041 _a(Pt)
072 _aL72
100 1 _aSposito Filha, E.
100 1 _aAmaral, V. do
100 1 _aMacruz, R.
100 1 _aReboucas, M.M.
100 1 _aSantos, S.M.
100 1 _aBorgo, F.
111 1 _dInfeccao experimental de equinos com taquizoitos de Toxoplasma gondii
246 1 _aExperimental infection of horses by Tachyzoites of Toxoplasma gondii
650 _aCavalo
650 _aToxoplasmose
650 _aInfeccao
773 0 _tRevista Brasileira de Parasitologia Veterinaria (Brazil)
_xISSN 0103-846X
_g(Feb 1992), v. 1(1) p. 51-54
_wBR9214173
909 _a202311
_bLúcia
_c55
_dLúcia Elande
942 _2AGRIS
_n0
_cANA
999 _c139260
_d139260